Κατάλογος Βιβλιοθηκών Mediterranean College

Βιομηχανικά Πάρκα (Record no. 8377)

MARC details
000 -LEADER
fixed length control field 01296cam a22002174a 4500
005 - ΗΜΕΡΟΜΗΝΙΑ ΚΑΙ ΩΡΑ ΤΕΛΕΥΤΑΙΑΣ ΕΝΗΜΕΡΩΣΗΣ
Πεδίο ελέγχου 20250605164334.0
008 - FIXED-LENGTH DATA ELEMENTS--GENERAL INFORMATION
Πεδίο ελέγχου σταθερού μήκους 250528s ||||||||||||||||||||||||d
035 ## - SYSTEM CONTROL NUMBER
System control number 23352
020 ## - ISBN
ISBN 9600208956
040 ## - ΠΗΓΗ ΚΑΤΑΛΟΓΟΓΡΑΦΗΣΗΣ
Φορέας πρωτότυπης καταλογογράφησης MC Athens Campus Library
Γλώσσα καταλογογράφησης Ελληνικά, Μοντέρνα (1453-)
Modifying agency MC Athens Campus Library
Κανόνες περιγραφικής καταλογογράφησης AACR2
245 1# - ΤΙΤΛΟΣ ΚΑΙ ΔΗΛΩΣΗ ΥΠΕΥΘΥΝΟΤΗΤΑΣ
Τίτλος Βιομηχανικά Πάρκα
260 ## - PUBLICATION, DISTRIBUTION, ETC.
Date of publication, distribution, etc. 1991
300 ## - PHYSICAL DESCRIPTION
Extent 129
520 ## - SUMMARY, ETC.
Summary, etc. Γενικές Πλευρές και Διαστάσεις του Ζητήματος, Ο Θεσμός των Βιομηχανικών Περιοχών στη Θεωρία και στην Πράξη: Οικονομική Ανάπτυξη και Σχεδιασμός της Βιομηχανικής Χωροθέτησης, Βαδσικές Κατευθύνσεις Αναπτυξιακού Πλαισίου ΒΙ.ΠΑ. Αττικής: Η Στρατηγική της Ανάπτυξης και Γενικά Κριτήρια Οργάνωσης και Σχεδιασμού ΒΙ.ΠΑ., Γενικός Οδηγός για τη Μεθοδολογία Φυσικού Σχεδιασμού και της Ανάπτυξης των ΒΙ.ΠΑ..
700 1# - ΠΡΟΣΘΕΤΗ ΑΝΑΓΡΑΦΗ--ΦΥΣΙΚΟ ΠΡΟΣΩΠΟ
Personal name Κουρλιούρος Ηλίας
9 (RLIN) 8681
700 1# - ΠΡΟΣΘΕΤΗ ΑΝΑΓΡΑΦΗ--ΦΥΣΙΚΟ ΠΡΟΣΩΠΟ
Personal name Μαλλιάρης Πέτρος Γ
9 (RLIN) 4723
700 1# - ΠΡΟΣΘΕΤΗ ΑΝΑΓΡΑΦΗ--ΦΥΣΙΚΟ ΠΡΟΣΩΠΟ
Personal name Μπαμπλέκου Ζωή
9 (RLIN) 3060
942 ## - ADDED ENTRY ELEMENTS (KOHA)
Koha item type Books
Holdings
Τύπος τεκμηρίου Βιβλιοθήκη Τρέχουσα τοποθεσία Τοποθεσία Barcode Αριθμός εισαγωγής Ημερομηνία απόκτησης Ταξιθετικό σύμβολο Αριθμός αντιτύπου Κατάσταση απόσυρσης Κατάσταση χαμένου Κατάσταση κατεστραμμένου Μη δανεισμός Σύνολο δανεισμών Ημερομηνία τελευταίας εμφάνισης Η τιμή ισχύει από
Books MC Athens Campus Library MC Athens Campus Library Παράρτημα Γλυφάδας 9780000083760 7543 05/06/2025 711.552 VLI 1           05/06/2025 05/06/2025

MC Athens Campus Library
Πατησίων 94 & Κοδριγκτώνος 13, 104 34
Πελλήνης 8 & Πατησίων 107, 112 51
Τ: +30 210 8899600

MC Thessaloniki Campus Library
Ίωνος Δραγούμη 21, 54625 | Ίωνος Δραγούμη 15, 54625
Τ: +30 2310 287779 – Τ: +30 2314 440300